Normal view
MARC view
- Terra, Ben.
Entry Personal Name
001 - CONTROL NUMBER
- control field: 239
003 - CONTROL NUMBER IDENTIFIER
- control field: OSt
005 - DATE AND TIME OF LATEST TRANSACTION
- control field: 20170417120746.0
008 - FIXED-LENGTH DATA ELEMENTS
- fixed length control field: 170417|| aca||aabn | a|a d
040 ## - CATALOGING SOURCE
- Original cataloging agency: OSt
- Transcribing agency: OSt
100 ## - HEADING--PERSONAL NAME
- Personal name: Terra, Ben.
670 ## - SOURCE DATA FOUND
- Source citation: Work cat.: (OSt): Terra, Ben., The place of supply in European VAT /, 1998.

PORTAL AKMAL
E-MEL JKDM
AKMAL2U
G-BAM
u-PUSTAKA